Statistics for Kutaisi International Airport Destinations (Kutaisi, Georgia)

Click here to take the quiz!

General Stats

  • This quiz has been taken 9 times
  • The average score is 23 of 40

Answer Stats

AirlineDestination% Correct
FlyArystanAstana
100%
Red Wings AirlinesMoscow (Domodedovo)
100%
Wizz AirAbu Dhabi
86%
FlyArystanAlmaty
86%
Wizz AirAthens
86%
Wizz AirBarcelona
86%
Wizz AirBudapest
86%
Wizz AirMilan (Malpensa)
86%
BelaviaMinsk
86%
Wizz AirRome (Fiumicino)
86%
Red Wings AirlinesSaint Petersburg
86%
Wizz AirKrakow
71%
Wizz AirMadrid
71%
Wizz AirThessaloniki
71%
Wizz AirVienna
71%
Wizz AirWarsaw (Chopin)
71%
FlyArystanAtyrau
57%
Wizz AirBerlin
57%
Wizz AirGdansk
57%
Wizz AirKatowice
57%
Red Wings AirlinesKazan
57%
Wizz AirLarnaca
57%
Wizz AirPrague
57%
Wizz AirRiga
57%
Wizz AirVilnius
57%
Wizz AirWroclaw
57%
Wizz AirCologne
43%
Wizz AirHamburg
43%
Wizz AirPoznan
43%
Wizz AirTallinn
43%
Red Wings AirlinesYekaterinburg
43%
FlyArystanAqtau
29%
Wizz AirCharleroi
29%
Wizz AirCopenhagen
29%
Wizz AirDortmund
29%
Wizz AirHahn
29%
Wizz AirMemmingen
29%
Vanilla Sky AirlinesMestia
29%
Wizz AirBeauvais
14%
FlyArystanSymkent
14%

Score Distribution

Percentile by Number Answered

Percent of People with Each Score

Your Score History

You have not taken this quiz